00000000nam 2200000zi 4500
0019.947957
003CaOODSP
00520250416150311
006m     o  d f      
007cr m||||||||||
008250212t20252025onca    o    f000 0 eng d
020 |a9780660757292
040 |aCaOODSP|beng|erda|cCaOODSP
043 |an-cn---
0861 |aA104-636/7-2025E-PDF
24500|aCareers in science : |bjoin the Canadian Food Inspection Agency!
264 1|a[Ottawa] : |bCanadian Food Inspection Agency = Agence canadienne d'inspection des aliments, |c[2025]
264 4|c©2025
300 |a1 online resource (1 unnumbered page) : |billustrations
336 |atext|btxt|2rdacontent
337 |acomputer|bc|2rdamedia
338 |aonline resource|bcr|2rdacarrier
500 |aCaption title.
500 |aIssued also in French under title: Carrières en sciences : joignez-vous à l'Agence canadienne d'inspection des aliments!
520 |a"Be part of our mission to safeguard food, animals and plants, which enhances the health and well-being of Canada's people, environment and economy"--Page [1].
650 0|aCivil service positions|zCanada.
650 0|aLaboratory technicians|zCanada.
650 0|aScientists in government |zCanada.
7102 |aCanadian Food Inspection Agency, |eissuing body.
77508|tCarrières en sciences : |w(CaOODSP)9.947958
85640|qPDF|s347 KB|uhttps://publications.gc.ca/collections/collection_2025/acia-cfia/A104-636-7-2025-eng.pdf